Writing through pictures (Record no. 6595)

MARC details
000 -LEADER
fixed length control field 00448nam a22001817a 4500
003 - CONTROL NUMBER IDENTIFIER
control field OSt
005 - DATE AND TIME OF LATEST TRANSACTION
control field 20240313072931.0
008 - FIXED-LENGTH DATA ELEMENTS--GENERAL INFORMATION
fixed length control field 240313b |||||||| |||| 00| 0 eng d
020 ## - INTERNATIONAL STANDARD BOOK NUMBER
International Standard Book Number 9780582791084
040 ## - CATALOGING SOURCE
Transcribing agency n
082 ## - DEWEY DECIMAL CLASSIFICATION NUMBER
Classification number 428.24 H442 1986
100 ## - MAIN ENTRY--PERSONAL NAME
Personal name Heaton J B
245 ## - TITLE STATEMENT
Title Writing through pictures
Statement of responsibility, etc. J B. Heaton
260 ## - PUBLICATION, DISTRIBUTION, ETC.
Name of publisher, distributor, etc. Longman, [Harlow], [1986]
300 ## - PHYSICAL DESCRIPTION
Extent 80 p, 24 cm.
650 ## - SUBJECT ADDED ENTRY--TOPICAL TERM
Geographic subdivision English Language
942 ## - ADDED ENTRY ELEMENTS (KOHA)
Source of classification or shelving scheme Dewey Decimal Classification
Koha item type English Book
Suppress in OPAC No
Holdings
Withdrawn status Lost status Source of classification or shelving scheme Damaged status Not for loan Home library Current library Date acquired Total Checkouts Full call number Barcode Date last seen Price effective from Koha item type
    Dewey Decimal Classification     CENTRAL CENTRAL 03/17/2024   428.24 H442 1986 1000000015841 03/17/2024 03/17/2024 English Book